ბათუმის შოთა რუსთაველის სახელმწიფო უნივერსიტეტის ბიბლიოთეკა

ორთქლის ტურბინები; თბური პროცესის თეორია და კონსტრუქციები სახელმძღვანელო (ბიბ.ჩანაწერი № 37441)

000 -LEADER
fixed length control field 01035nam a2200241Ia 4500
001 - CONTROL NUMBER
control field 3400
003 - CONTROL NUMBER IDENTIFIER
control field GE_BSU
008 - FIXED-LENGTH DATA ELEMENTS--GENERAL INFORMATION
fixed length control field 181216s||||||||xx |||||||||||||| ||und||
020 ## - INTERNATIONAL STANDARD BOOK NUMBER
International Standard Book Number თარგმანი მეხეთე შევსსებ და გადამ რუს
040 ## - CATALOGING SOURCE
Transcribing agency GE_BSU
080 ## - UNIVERSAL DECIMAL CLASSIFICATION NUMBER
Universal Decimal Classification number 621.165(075.8)
100 ## - MAIN ENTRY--PERSONAL NAME
Personal name ჩეგლიაევი, ა;
245 ## - TITLE STATEMENT
Title ორთქლის ტურბინები; თბური პროცესის თეორია და კონსტრუქციები სახელმძღვანელო
245 ## - TITLE STATEMENT
Remainder of title ნაწ.ll
245 ## - TITLE STATEMENT
Statement of responsibility, etc. რედ ვ. გოგსაძე;
260 ## - PUBLICATION, DISTRIBUTION, ETC.
Place of publication, distribution, etc. თბილისი
260 ## - PUBLICATION, DISTRIBUTION, ETC.
Name of publisher, distributor, etc. განათლება, .
260 ## - PUBLICATION, DISTRIBUTION, ETC.
Date of publication, distribution, etc. 1986
300 ## - PHYSICAL DESCRIPTION
Extent 250 გვ. ნახაზებით
653 ## - INDEX TERM--UNCONTROLLED
Uncontrolled term თბური პროცესის თეორია და კონსტრუქციები
653 ## - INDEX TERM--UNCONTROLLED
Uncontrolled term ორთქლის ტურბინები;
942 ## - ADDED ENTRY ELEMENTS (KOHA)
Koha item type წიგნი

არაა ხელმისაწვდომი ეგზემპლარები.